000
00324nam a2200145Ia 4500
100
_a
Tower/ T.D.
942
_c
BK
654
_a
electronics
245
_a
Towers International Transistor Selector
260
_b
B.P.B.
_a
New york
_c
1985
082
_a
621.381528
_b
TOW
300
_a
379
546
_a
ENGLISH
999
_c
24958
_d
24958